Nhà ở cao tầng trong đô thị : Sử dụng - những nguy cơ tiềm ẩn - giải pháp

Sách trình bày thực trạng về nhà ở cao tầng tại đô thị; quá trình vận hành, sử dụng và những nguy cơ tiềm ẩn tại nhà ở cao tầng; kết luận và khuyến nghị đối với con người sống tại nhà ở cao tầng....

Ausführliche Beschreibung

Gespeichert in:
Bibliographische Detailangaben
1. Verfasser: Nguyễn Huy Hoàng
Format: Buch
Sprache:Vietnamese
Veröffentlicht: H. Xây Dựng 2022
Schlagworte:
Tags: Tag hinzufügen
Keine Tags, Fügen Sie den ersten Tag hinzu!
Thư viện lưu trữ: Thư viện Trường Đại học Nam Cần Thơ
LEADER 01525aam a22002298a 4500
001 NCT_145445
008 090916s2009 ||||||viesd
999 |c 7491  |d 7491 
020 |a 978-604-82-7050-6 
082 0 4 |2 23rd ed.  |a 690.383  |b H407 
100 1 |a Nguyễn Huy Hoàng 
245 1 0 |a Nhà ở cao tầng trong đô thị :  |b Sử dụng - những nguy cơ tiềm ẩn - giải pháp  |c Nguyễn Huy Hoàng 
260 |a H.  |b Xây Dựng  |c 2022 
300 |a 150 tr.  |b Minh họa  |c 21cm 
520 3 |a Sách trình bày thực trạng về nhà ở cao tầng tại đô thị; quá trình vận hành, sử dụng và những nguy cơ tiềm ẩn tại nhà ở cao tầng; kết luận và khuyến nghị đối với con người sống tại nhà ở cao tầng. 
653 |a Xây dựng 
942 |2 ddc  |c BK 
952 |0 0  |1 0  |2 ddc  |4 0  |6 690_383000000000000_H407  |7 0  |9 26911  |a 000001  |b 000001  |d 2023-03-27  |o 690.383 H407  |p MD.21112  |r 2023-03-27  |w 2023-03-27  |y BK 
952 |0 0  |1 0  |2 ddc  |4 0  |6 690_383000000000000_H407  |7 0  |9 26912  |a 000001  |b 000001  |d 2023-03-27  |o 690.383 H407  |p MD.21113  |r 2023-03-27  |w 2023-03-27  |y BK 
952 |0 0  |1 0  |2 ddc  |4 0  |6 690_383000000000000_H407  |7 0  |9 26913  |a 000001  |b 000001  |d 2023-03-27  |o 690.383 H407  |p MD.21114  |r 2023-03-27  |w 2023-03-27  |y BK 
952 |0 0  |1 0  |2 ddc  |4 0  |6 690_383000000000000_H407  |7 0  |9 26914  |a 000001  |b 000001  |d 2023-03-27  |o 690.383 H407  |p MD.21115  |r 2023-03-27  |w 2023-03-27  |y BK 
980 |a Thư viện Trường Đại học Nam Cần Thơ